000 00641nam a22002297a 4500
003 OSt
005 20151203113616.0
008 130711t xxu||||| |||| 00| 0 eng d
050 _aQC 21.3
_b.R668 2009
082 _aIB 530
_bP27-sl 2008
100 _aRoby, Pat.
_9124
245 _aIB physics standard level :
_binternational baccalaureate revision guide
_cPat Roby
250 _a2nd edition
260 _aUK :
_bOSC,
_cc2009.
300 _a127 p. :
_bill. ;
_c30 cm.
562 _e1
600 _aRoby, Pat.
_9125
650 _aPhysics.
_9126
650 _aInternational Baccalaureate.
_9127
942 _2lcc
_cBK
999 _c6433
_d6433